00632nam a2200157 a 450000100100000000500170001000800410002704000250006811000840009324500890017726000510026630000260031704900090034395201050035299900170045700003003420200930060006.0110428s1984 dr 000 0 spa d aDO-SdBNPbspacBNPHU1 aRepública DominicanabCámara de Diputados de la República Dominicana936700aDescripción general del proyecto para la creación de la Biblioteca del Congreso. aSanto Domingo :bCámara de Diputados,c1984. a14,[12], p. ;c28 cm. aBNPD 0010718PDaPDbPDcCTd2011-04-28iLF1l0o p30034-10r2020-06-25w2020-06-25yLFPDZNo se presta c29526d29526